Pátzcuaro /

Guardat en:
Dades bibliogràfiques
Autor principal: Toussaint, Manuel (texto)
Format: Llibre
Idioma:espanyol
Publicat: México : UNAM, Imprenta Universitaria, 1942
Etiquetes: Afegir etiqueta
Sense etiquetes, Sigues el primer a etiquetar aquest registre!

MARC

LEADER 00000nam^a2200000^a^4500
001 000452788
005 20250526000000.0
009 20260310123845.361
037 |a Acervo Xavier Clavigero 
041 |a ESP 
091 |a FCA. 04247 
100 |a Toussaint, Manuel  |e (texto) 
245 1 0 |a Pátzcuaro / 
264 1 |a México :  |b UNAM, Imprenta Universitaria,  |c 1942 
300 |a XII, 288 p. ;  |c 30.0 cm. 
336 |a texto  |b txt  |2 rdacontenido 
337 |a sin mediación  |b n  |2 rdamedio 
338 |a volumen  |b nc  |2 rdasoporte 
649 |a XX 
910 |a Fondo Xavier Cacho Vázquez S.J. 
920 |a Impresos - Libros 
930 |a Libros Antiguos y Raros 
905 |a 108 
901 |a 0500377788  |b IT2  |c LRA  |u 20250526 
902 |a https://opac.biblio.iteso.mx/vufind/Record/000452788